Bệnh dạ dày và thực đơn phòng chữa trị

Nội dung quyển sách cung cấp những kiến thức chung về bệnh dạ dày, các loại bệnh dạ dày cấp tính, mãn tính. Ăn uống như thế nào để chữa trị bệnh dạ dày,..

Uloženo v:
Podrobná bibliografie
Médium: Kniha
Jazyk:Undetermined
Vydáno: Hà Nội Văn hóa Thông tin 2009
Témata:
Tagy: Přidat tag
Žádné tagy, Buďte první, kdo otaguje tento záznam!
Thư viện lưu trữ: Trung tâm Học liệu Trường Đại học Cần Thơ
LEADER 00864nam a2200205Ia 4500
001 CTU_140732
008 210402s9999 xx 000 0 und d
020 |c 31000 
082 |a 616.33 
082 |b B256 
245 0 |a Bệnh dạ dày và thực đơn phòng chữa trị 
245 0 |c Tân Nghĩa, Thái Bắc biên soạn 
260 |a Hà Nội 
260 |b Văn hóa Thông tin 
260 |c 2009 
520 |a Nội dung quyển sách cung cấp những kiến thức chung về bệnh dạ dày, các loại bệnh dạ dày cấp tính, mãn tính. Ăn uống như thế nào để chữa trị bệnh dạ dày,.. 
650 |a Digestive system,Hệ thống tiêu hóa 
650 |x Diseases,Bệnh 
904 |i Năm 
980 |a Trung tâm Học liệu Trường Đại học Cần Thơ